Kroniky nejcennější : celotáborová hra /

Hlavní autor: Kořínková, Milena, 1948-
Korporativní autor: Pionýr (spolek). Česká rada
Jazyk: Čeština
Vydáno: Brno : Mravenec, 2001
Vydání: 1. vyd.
Edice: Etapová hra
Témata:
Fyzický popis: 50 s. : il., mapa ; 21 cm
Knihy
Uloženo v:
LEADER 01259nam a2200373 a 4500
001 000550337
003 CZ BrMZK
005 20080424071332.0
007 ta
008 010907s2001 xr e f cze d
015 |a cnb000987987 
020 |a 80-85978-82-2 
035 |a (OCoLC)85011414 
040 |a BOA001  |b cze 
072 7 |a 796  |x Sport. Hry. Tělesná cvičení  |2 Konspekt  |9 20 
080 |a 796.11.05  |2 MRF 
080 |a (035)  |2 MRF 
100 1 |a Kořínková, Milena,  |d 1948-  |7 ola2003204976 
245 1 0 |a Kroniky nejcennější :  |b celotáborová hra /  |c Milena Kořínková 
246 3 3 |a Etapová hra: Kroniky nejcennější 
250 |a 1. vyd. 
260 |a Brno :  |b Mravenec,  |c 2001 
300 |a 50 s. :  |b il., mapa ;  |c 21 cm 
490 1 |a Etapová hra ;  |v 60 
500 |a Bibliogr. 
500 |a Název v tiráži: Etapová hra: Kroniky nejcennější 
500 |a Vydavatel: Česká rada Pionýra Praha 
650 0 7 |a etapové hry  |7 ph114487  |2 czenas 
655 7 |a příručky  |7 fd133209  |2 czenas 
710 2 |a Pionýr (spolek).  |b Česká rada  |7 kn20010711356 
830 0 |a Etapová hra  |0 s 
910 |a BOA001  |b 2-1082.302 
990 |a BK 
996 6 |b 2610129413  |c 2-1082.302  |l MZK  |r Sklad / do 1 hodiny  |n 5  |p p.v.  |w 000550337  |u 000010  |a 1  |e BOA001  |j MZK50  |s P